Score 0/16 Timer 01:30
0 Plays Today
Hint 4-Letter Word % Correct
Opposite of 'push'PULL
98.9%
▼ A performance by a single, unaccompanied musician ▼▼ SOLO ▼
98.6%
Game played on horseback with long-handled malletsPOLO
97.8%
A reduced calorie plan for eatingDIET
97%
Coal or gasoline, e.g.FUEL
96.6%
▼ A performance by a group of two musicians ▼▼ DUET ▼
96.5%
Phase of the moonFULL
95.6%
A weaponry contest to resolve a disputeDUEL
95.3%
Hint 4-Letter Word % Correct
Ask a question of a group of peoplePOLL
94.3%
Carpe ___: 'seize the day'DIEM
93.5%
Cut your hair just a little bitTRIM
91%
▼ A performance by a group of three musicians ▼▼ TRIO ▼
88.1%
A trolley carTRAM
83.3%
Astros or Manchester United, e.g.TEAM
82.6%
To regard or consider in a specified wayDEEM
72.1%
To be full of or swarming withTEEM
70.8%

Today's Daily Dose

Remove Ads.
Support Sporcle.
Get the best of Sporcle when you Go Orange. This ad-free experience offers more features, more stats, and more fun while also helping to support Sporcle. Thank you for becoming a member.

You're not logged in!

Compare scores with friends on all Sporcle quizzes.
OR
Log In

Show Comments

Extras

Top Quizzes Today


Score Distribution

Your Account Isn't Verified!

In order to create a playlist on Sporcle, you need to verify the email address you used during registration. Go to your Sporcle Settings to finish the process.

Report this User

Report this user for behavior that violates our Community Guidelines.

Details: